| 000 | 00555nam a22001817a 4500 | ||
|---|---|---|---|
| 001 | 8542 | ||
| 003 | FISKH | ||
| 005 | 20250918151737.0 | ||
| 008 | 250918b cb ||||| |||| 00| 0 eng d | ||
| 040 |
_aFISKH _beng _cFISKH _dFISKH |
||
| 082 | _a495.9110321 | ||
| 100 | _aChanbora, Chhim | ||
| 245 |
_aPractical Dictionary English-Khmer : _bFor foreigners who wish to learn khmer / _cChhim Chanbora |
||
| 260 |
_aPhnom Penh : _bBanteay Srey Bookshop, _c2009. |
||
| 300 |
_a569 pages : _bcolor illustrations ; _c20 cm |
||
| 942 |
_2ddc _cBK _n0 |
||
| 999 |
_c8542 _d8542 |
||